Visualizzazione normale
Vista MARC
- Grolnick Don
di Personal Name
Records bibliografici associati: 1
001 - CONTROL NUMBER
- control field: 25532
003 - CONTROL NUMBER IDENTIFIER
- control field: IT-RoPau
005 - DATE AND TIME OF LATEST TRANSACTION
- control field: 20140517202138.0
008 - FIXED-LENGTH DATA ELEMENTS
- fixed length control field: 140517|| aca||aabn | a|a d
040 ## - CATALOGING SOURCE
- Original cataloging agency: IT-RoPau
- Transcribing agency: IT-RoPau
100 ## - HEADING--PERSONAL NAME
- Personal name: Grolnick Don
- Miscellaneous information: Codice autore musica SPICS: 26671
- Relator term: Autore musica
- Name of part/section of a work: The Diamon Method
670 ## - SOURCE DATA FOUND
- Source citation: Work cat.: (IT-RoPau)99795: AA.VV. 794, Cycles (Lp Inlp 804)